000 00762nas a2200229 4500
001 BR8006913
003 BR-BrBNA
005 20231205084437.0
007 ta
008 230509b bl.|||p| |||| 00| 00por d
040 _aBR-BrBNA
_bpor
_cBiblioteca Nacional de Agricultura
041 _a(Pt)
072 _aS10
100 1 _aAngelis, R.C. de
245 1 _aMetodos biologicos de avaliacao do valor nutricional de proteinas [pesquisa laboratorial]
_bEncontro Tecnico-Cientifico de Alimentacao. 1. aula 26/11/79
650 _aVALOR NUTRITIVO
650 _aVALOR BIOLOGICO
650 _aPROTEINA
773 0 _tAlimentacao (Brazil)
_xISSN 0100-0993
_g(Oct 1980), (no. 50) p. 51-54
_wBR8006913
909 _a202311
_bLúcia
_c55
_dLúcia Elande
942 _2AGRIS
_n0
_cANA
999 _c105268
_d105268